Statistiche per Riconosci la Squadra di calcio - Quiz n°59

Clicka qui per fare il quiz!

Statistiche generali

  • Questo quiz è stato fatto 3 volte
  • Il punteggio medio è 4 su 10

Statistiche sulle risposte

IndizioRisposta% Corretto
Colori socialiCeleste, bianco
100%
SimboliLeone rampante
100%
Titoli nazionali1 Titolo di Germania
1 2. Bundesliga
67%
Divisione nazionale 2023-2024Terza
67%
ConfederazioneUEFA
67%
Trofei internazionali0
0%
Capienza Stadio15 000 posti
0%
Fondazione1899
0%
Trofei nazionali2 Coppe di Germania
0%
SquadraMonaco 1860
0%

Distribuzione punteggi

Percentile per numero di risposta

Percentuale di utenti per punteggio

I tuoi punteggi nel tempo

Non hai fatto questo quiz